Уголовное право
| 1. Verfasser: | |
|---|---|
| Zusammenfassung: | Заглавие с титульного экрана Электронная версия печатной публикации Режим доступа: из корпоративной сети ТПУ |
| Sprache: | Russisch |
| Veröffentlicht: |
Москва, Издательский дом "Городец", 2006
|
| Schlagworte: | |
| Online-Zugang: | http://www.lib.tpu.ru/fulltext2/m/2009/consultant/kadnikov.pdf |
| Format: | Elektronisch Buch |
| KOHA link: | https://koha.lib.tpu.ru/cgi-bin/koha/opac-detail.pl?biblionumber=159190 |
MARC
| LEADER | 00000nlm0a2200000 4500 | ||
|---|---|---|---|
| 001 | 159190 | ||
| 005 | 20231031154949.0 | ||
| 035 | |a (RuTPU)RU\TPU\book\172648 | ||
| 090 | |a 159190 | ||
| 100 | |a 20090506d2006 m y0rusy50 ca | ||
| 101 | 0 | |a rus | |
| 102 | |a RU | ||
| 105 | |a y j 001zy | ||
| 135 | |a vrcn ---uucaa | ||
| 181 | 0 | |a i | |
| 182 | 0 | |a b | |
| 200 | 1 | |a Уголовное право |b Электронный ресурс |f Н. В. Кадников | |
| 203 | |a Текст |c электронный | ||
| 210 | |a Москва |c Издательский дом "Городец" |d 2006 | ||
| 230 | |a 1 компьютерный файл (pdf; 6920 KB) | ||
| 300 | |a Заглавие с титульного экрана | ||
| 300 | |a Электронная версия печатной публикации | ||
| 333 | |a Режим доступа: из корпоративной сети ТПУ | ||
| 337 | |a Adobe Reader | ||
| 606 | 1 | |a Уголовное право |2 stltpush |3 (RuTPU)RU\TPU\subj\62451 | |
| 610 | 1 | |a уголовное право | |
| 610 | 1 | |a уголовный закон | |
| 610 | 1 | |a преступления | |
| 610 | 1 | |a уголовная ответственность | |
| 610 | 1 | |a наказание | |
| 610 | 1 | |a амнистия | |
| 610 | 1 | |a помилование | |
| 610 | 1 | |a электронный ресурс | |
| 686 | |a Х628 |v LBC/SL-A |2 rubbk | ||
| 700 | 1 | |a Кадников |b Н. В. | |
| 801 | 1 | |a RU |b 63413507 |c 20090506 |g PSBO | |
| 801 | 2 | |a RU |b 63413507 |c 20161228 |g PSBO | |
| 856 | 4 | |u http://www.lib.tpu.ru/fulltext2/m/2009/consultant/kadnikov.pdf | |
| 942 | |c CF | ||